Statistics for Coraline Movie Trivia

Click here to take the quiz!

General Stats

  • This quiz has been taken 65 times
    (60 since last reset)
  • The average score is 8 of 38

Answer Stats

HintAnswer% Correct
What is Coraline's natural hair color?Brown
76%
How old is Coraline?11
74%
How many leaky windows does Coraline record?12
69%
When was Coraline released?2009
62%
Other Wybie rescues Coraline from the mirror wearing a what kind of mask? (Hint: we saw it earlier as an oven mitt)A Chicken Mask
45%
The cocoa beetles are from where?Zanzibar
40%
What did Coraline's mom hit in her accident?A truck
36%
Who wrote the book the movie was based on?Neil Gaiman
33%
What does Coraline's mom's mug say on it?"I <3 mulch"
31%
What is Ms. Spink's first name?April
29%
In the garden, Coraline gets tickled by flowers that then later bite at her-- what type of flowers are they?Snap Dragons
29%
What is Coraline's father's name?Charlie Jones
26%
Where is the broken snow globe from?Detroit Zoo
26%
What disaster was Mr. Bobinsky involved in cleaning up afterThe Chernobyl Nuclear Disaster
26%
"What'd the boss say?""DON'T EVEN THINK ABOUT GOING OUT CORALINE JONES!"
24%
What is Coraline's mother's name?Mel Jones
21%
What is Ms. Forcible's first name?Miriam
21%
Where did Coraline move from?Pontiac, Michigan
19%
Where is the movie set?Ashland, Oregon
17%
In the other world, young Spink and Forcible recite a monologue in the middle of their performance for Coraline. What is the monologue an excerpt from?Hamlet
17%
The taffy used to make the seeing stone is from which year?1921
14%
Who's face is on the dollar bill handed to the movers?Henry Selick
14%
How many animators worked on the movie?35
12%
What were the leaves/blossoms made of (during the scene where Coraline is walking to the well)?Popcorn
12%
Coraline's dad wears a sweater from which college?Michigan State University
10%
What does Spink and Forcible's doormat say?"No whistling in the house"
10%
Who did the soundtrack for the movie?Bruno Coulais
7%
From what country does Coraline's schoolboy military hat originate from?Japan
7%
What band created a soundtrack for the film that was never used?They Might Be Giants
7%
What is Mr. Bobinsky's full name?Sergei Alexander Bobinski
5%
How many dogs are in the audience watching Spink and Forcible's performance?248
2%
What Shakespeare spoof titles are featured on posters in Spink and Forcible's apartment?Julius Sees Her and King Leer
2%
What is the name of the moving company that helps Coraline's family move in?Ranft Brothers
2%
What does the graffiti on the back of the moving van say?"StopMo Rulz"
2%
Who was Coraline's father physically based on?Ted Raimi
2%
What was the mascot of Coraline's old school?The Hubcaps
2%
Who is the company's name paying homage to? ^^Jerome and Joe Ranft
0%
What is the name of the shop where Coraline gets her school uniforms from?Linden's
0%

Score Distribution

Percentile by Number Answered

Percent of People with Each Score

Your Score History

You have not taken this quiz since the last reset